zpět

Detail výsledku týmu

R.A.M., Jablonec nad Nisou

Datum a čas kvízu

37.5 Celkem bodů Celkový počet nahraných bodů na tomto kvízu bez doplňovacích otázek.
5. Pořadí na kvízu Konečné umístění týmu na tomto kvízu.

Zaznamenané odpovědi

# Otázka Odpověď Body Výsledky
1. Za zmanipulování televizní hry... 1
2. Americký astronaut Andrew Feus... 0
3. Vražda na předpis. Tak se jmen... 1
4. Která společnost hodlá v nejbl... 0
5. V utkání druhé německé fotbalo... 1
6. Jistě se mezi Vámi najde mnoho... 0
7. Vodák, který jede na lodi vzad... 1
8. Silný provaz, který se dá využ... 1
9. Kterým slovem na Š nazývají ka... 1
10. Kanoistům se mezi vrcholovými... 1